pays de balkan - Statistiques

Statistiques générales
  • Ce quiz a été pris 35 fois
  • Le résultat moyen est 5 sur 9
Answers on the Grid
Answers color-coded by a green-red scale on the quiz's grid according to % correct below.
Bulgarie
France
Moldavie
Albanie
Turquie
armenie
Macédoine du nord
Serbie
Espagne
Kosovo
Croatie
Bosnie Hezégozine
Malte
Roumanie
Portugal
Vatican
Saint Marin
 
Statistiques - réponses
Réponse % Correct
Bulgarie
84%
Bosnie Hezégozine
64%
Serbie
64%
Albanie
60%
Croatie
60%
Macédoine du nord
60%
Kosovo
56%
Roumanie
44%
Turquie
20%
Aucun quiz correspondant
Distribution des résultats
% des personnes avec chaque résultat
Percentile par nombre de réponses
Votre historique - résultats
Vous n’avez pas pris ce quiz